<?xml version="1.0" encoding="UTF-8"?>
<record
    xmlns:xsi="http://www.w3.org/2001/XMLSchema-instance"
    xsi:schemaLocation="http://www.loc.gov/MARC21/slim http://www.loc.gov/standards/marcxml/schema/MARC21slim.xsd"
    xmlns="http://www.loc.gov/MARC21/slim">

  <leader>02192cam a2200229 i 4500</leader>
  <datafield tag="999" ind1=" " ind2=" ">
    <subfield code="c">38789</subfield>
    <subfield code="d">38789</subfield>
  </datafield>
  <datafield tag="020" ind1=" " ind2=" ">
    <subfield code="a">9781032203294</subfield>
  </datafield>
  <datafield tag="082" ind1=" " ind2=" ">
    <subfield code="a">301.3260954</subfield>
    <subfield code="b">MIG-</subfield>
  </datafield>
  <datafield tag="100" ind1=" " ind2=" ">
    <subfield code="a">Kumar, Ashwani and Bhagat, R.B. </subfield>
    <subfield code="e">Editor</subfield>
  </datafield>
  <datafield tag="245" ind1="0" ind2="0">
    <subfield code="a">Migrants, mobility and citizenship in India /</subfield>
    <subfield code="c">edited by Ashwani Kumar and R.B. Bhagat.</subfield>
  </datafield>
  <datafield tag="260" ind1=" " ind2=" ">
    <subfield code="a">New york:</subfield>
    <subfield code="b">Routledge,</subfield>
    <subfield code="c">2022.</subfield>
  </datafield>
  <datafield tag="300" ind1=" " ind2=" ">
    <subfield code="a">xxii, 234 p.</subfield>
  </datafield>
  <datafield tag="500" ind1=" " ind2=" ">
    <subfield code="a">Contributed articles.</subfield>
  </datafield>
  <datafield tag="504" ind1=" " ind2=" ">
    <subfield code="a">Includes bibliographical references and index.</subfield>
  </datafield>
  <datafield tag="520" ind1=" " ind2=" ">
    <subfield code="a">This book reconceptualizes migration studies in India and brings back the idea of citizenship to the center of the contested relationship between the state and internal migrants in the country. It interrogates the multiple vulnerabilities of disenfranchised internal migrants as evidenced in the mass exodus of migrants during the crisis. Challenging dominant economic and demographic theories of mobility and relying on a wide range of innovative heterodox methodologies, this volume points to the possibility of reimagining migrants as &#x2018;citizens&#x2019;.

The volume discusses various facets of internal migration such as the roles of gender, ethnicity, caste, electoral participation of the internal migrants, livelihood diversification, struggle for settlement, and politics of displacement, and highlights the case of temporary, seasonal, and circulatory migrants as the most exploited and invisible group among migrants. Presenting secondary and recent field data from across regions, including from the northeast, the book explores the processes under which people migrate and suggests ways for ameliorating the conditions of migrants through sustained civic and political action.

This book will be essential for scholars and researchers of migration studies, politics, governance, development studies, public policy, sociology, and gender studies as well as policymakers, government bodies, civil society, and interested general readers.</subfield>
  </datafield>
  <datafield tag="650" ind1=" " ind2="0">
    <subfield code="a">Migration, Internal</subfield>
    <subfield code="z">India.</subfield>
  </datafield>
  <datafield tag="650" ind1=" " ind2="0">
    <subfield code="a">Rural-urban migration</subfield>
    <subfield code="z">India</subfield>
  </datafield>
  <datafield tag="650" ind1=" " ind2="0">
    <subfield code="a">Labor mobility</subfield>
    <subfield code="z">India</subfield>
  </datafield>
  <datafield tag="650" ind1=" " ind2="0">
    <subfield code="a">Immigrants</subfield>
    <subfield code="z">India</subfield>
    <subfield code="x">History</subfield>
  </datafield>
  <datafield tag="700" ind1="0" ind2=" ">
    <subfield code="a">Ashwani Kumar,</subfield>
    <subfield code="e">editor.</subfield>
  </datafield>
  <datafield tag="700" ind1="1" ind2=" ">
    <subfield code="a">Bhagat, R. B.</subfield>
    <subfield code="e">editor.</subfield>
  </datafield>
  <datafield tag="942" ind1=" " ind2=" ">
    <subfield code="2">ddc</subfield>
    <subfield code="c">BK</subfield>
  </datafield>
  <datafield tag="952" ind1=" " ind2=" ">
    <subfield code="0">0</subfield>
    <subfield code="1">0</subfield>
    <subfield code="4">0</subfield>
    <subfield code="7">0</subfield>
    <subfield code="a">NASSDOC</subfield>
    <subfield code="b">NASSDOC</subfield>
    <subfield code="d">2024-04-12</subfield>
    <subfield code="e">9</subfield>
    <subfield code="g">934.99</subfield>
    <subfield code="l">0</subfield>
    <subfield code="o">304.80954 MIG</subfield>
    <subfield code="p">53966</subfield>
    <subfield code="r">2024-04-12 00:00:00</subfield>
    <subfield code="v">1295.00</subfield>
    <subfield code="w">2024-04-12</subfield>
    <subfield code="y">BK</subfield>
  </datafield>
</record>
